000 012450000a22003130004500
003 EG-GICUC
005 20250223032951.0
008 070414s2003 ua a f m 000 0 Eng d
040 _aEG-GICUC
_beng
_cEG-GICUC
041 0 _aEng
049 _aDeposite
097 _aM.Sc
099 _aCai01.13.04.M.Sc.2003.La.C
100 0 _aLaila Mahmoud Ebrahim Elsayed
245 1 0 _aCyanida - free Zinc - Plating bath for environmental protection /
_cLaila Mahmoud Ebrahim Elsayed ; Supervised Omar E. Abdelsalam , Madiha A.Shoeib
246 1 5 _aحوض الطلاء بالزنك الخالى من السيانيد لحماية البيئة
260 _aCairo :
_bLaila Mahmoud Ebrahim Elsayed ,
_c2003
300 _a114P :
_bill ;
_c30cm
502 _aThesis (M.Sc.) - Cairo University - Faculty Of Engineering - Department Of Chemical Engineering
530 _aIssued also as CD
653 4 _aCyanida - free Zinc - Plating bath
653 4 _aCyanida - free Zinc - Plating bath for environmental protection
700 0 _aMadiha Ahmed Shoeib ,
_eSupervisor
700 0 _aOmar Elfarok Abdelsalam ,
_eSupervisor
856 _uhttp://172.23.153.220/th.pdf
905 _aEsam
_eRevisor
905 _aNazla
_eCataloger
942 _2ddc
_cTH
999 _c85245
_d85245